[Event "XXXV Olimpiadi femminile"]
[Site "Bled SLO"]
[Date "2002.11.04"]
[Round "9.2"]
[White "Dengler, Dijana"]
[Black "Ambrosi, Eleonora"]
[Result "1/2-1/2"]
[WhiteElo "2107"]
[BlackElo "2059"]
[Annotator "ITA-BIH"]
[PlyCount "79"]
[EventDate "2002.10.26"]

1. d4 e6 2. Nf3 d5 3. c4 f5 4. g3 Nf6 5. Bg2 Bd6 6. O-O O-O 7. Qc2 b6 8. Bf4
Na6 9. a3 c5 10. Bxd6 Qxd6 11. Rd1 Ne4 12. Nc3 Bb7 13. dxc5 Qxc5 14. e3 Qxc4
15. Rac1 Nxc3 16. bxc3 Qc7 17. Nd4 Qe7 18. Qa2 Kh8 19. c4 Rad8 20. cxd5 exd5
21. Nb5 Qe5 22. Nc3 Nc7 23. Ne2 Ne6 24. Rd2 Rd7 25. Rcd1 Rfd8 26. a4 Nc5 27.
Nd4 Ne6 28. Nf3 Qf6 29. Nh4 g5 30. Nf3 d4 31. Nxd4 Bxg2 32. Kxg2 Nxd4 33. Rxd4
Qc6+ 34. Kg1 Rxd4 35. Rxd4 Qc1+ 36. Kg2 Qc6+ 37. Kg1 Qc1+ 38. Kg2 Qc6+ 39. Kg1
Qc1+ 40. Kg2 1/2-1/2

[Event "XXXV Olimpiadi femminile"]
[Site "Bled SLO"]
[Date "2002.11.04"]
[Round "9.3"]
[White "Sirletti, Sonia"]
[Black "Dimovski, Aleksandra"]
[Result "0-1"]
[WhiteElo "1819"]
[BlackElo "2100"]
[Annotator "ITA-BIH"]
[PlyCount "84"]
[EventDate "2002.10.26"]

1. d4 Nf6 2. c4 g6 3. Nc3 Bg7 4. e4 d6 5. Nf3 O-O 6. Be2 e5 7. d5 a5 8. Bg5 Na6
9. Nd2 h6 10. Be3 Ne8 11. O-O f5 12. f3 f4 13. Bf2 h5 14. a3 g5 15. Rb1 Kh8 16.
b4 axb4 17. axb4 Rg8 18. c5 Bf8 19. c6 bxc6 20. dxc6 g4 21. Ra1 g3 22. Be1 Qh4
23. hxg3 fxg3 24. Bxg3 Qxg3 25. Rf2 Bh6 26. Nf1 Qg6 27. Nd5 Rg7 28. b5 Bh3 29.
Nde3 Nf6 30. bxa6 Rag8 31. g4 hxg4 32. fxg4 Nxg4 33. Nxg4 Bxg4 34. Bxg4 Qxg4+
35. Qxg4 Rxg4+ 36. Kh1 Rg1+ 37. Kh2 Bf4+ 38. Kh3 Rh1+ 39. Rh2 Bxh2 40. Ra2 Bf4+
41. Nh2 Rxh2+ 42. Rxh2 Bxh2 0-1

[Event "XXXV Olimpiadi femminile"]
[Site "Bled SLO"]
[Date "2002.11.05"]
[Round "10.2"]
[White "Ambrosi, Eleonora"]
[Black "Mendoza, Beverly"]
[Result "0-1"]
[WhiteElo "2059"]
[BlackElo "2132"]
[Annotator "ITA-PHI"]
[PlyCount "115"]
[EventDate "2002.10.26"]

1. d4 Nf6 2. Nd2 d6 3. e4 g6 4. f4 Bg7 5. Ngf3 O-O 6. Bd3 Nbd7 7. c3 e5 8. Nb3
exd4 9. e5 Ne8 10. cxd4 c5 11. dxc5 dxe5 12. Qc2 Nc7 13. fxe5 Nxe5 14. Nxe5
Bxe5 15. g3 Bh3 16. Bh6 Bg7 17. Bxg7 Re8+ 18. Kf2 Kxg7 19. Rhe1 Nd5 20. Rxe8
Qf6+ 21. Kg1 Rxe8 22. Qf2 Qe5 23. Qd4 Qxd4+ 24. Nxd4 Nb4 25. Bc4 Re4 26. Rd1
Nc6 27. Nxc6 Rxc4 28. Nd8 Rxc5 29. Nxb7 Rb5 30. Nd6 Rxb2 31. a4 Rg2+ 32. Kh1
Ra2 33. Kg1 Rxa4 34. Nb5 Ra2 35. Nc3 Rg2+ 36. Kh1 Rc2 37. Nb5 a5 38. Ra1 a4 39.
Kg1 Rg2+ 40. Kh1 Rc2 41. Kg1 Bd7 42. Nd4 Rc4 43. Nf3 Re4 44. Kf2 Bb5 45. Ra2
Kf6 46. Rb2 Bd7 47. Nd2 Re5 48. Nc4 Rh5 49. Ke3 Be6 50. Na3 Rc5 51. Kd4 Rc1 52.
Rb4 Bb3 53. Kd3 Ra1 54. Nb5 Be6 55. Nc3 a3 56. Ra4 a2 57. Kc2 Rh1 58. Rxa2 0-1

[Event "XXXV Olimpiadi femminile"]
[Site "Bled SLO"]
[Date "2002.11.05"]
[Round "10.3"]
[White "Lomibao, Sheerie Joy"]
[Black "Arnetta, Maria Teresa"]
[Result "1-0"]
[WhiteElo "2101"]
[BlackElo "2050"]
[Annotator "ITA-PHI"]
[PlyCount "55"]
[EventDate "2002.10.26"]

1. e4 c5 2. Nc3 e6 3. g3 d5 4. exd5 exd5 5. Bg2 Nf6 6. Nge2 d4 7. Ne4 Nxe4 8.
Bxe4 h5 9. O-O h4 10. d3 Bd6 11. Bf4 Nc6 12. c3 g5 13. Bxd6 Qxd6 14. Bg2 Bg4
15. h3 Bxh3 16. Bxh3 hxg3 17. Bg2 Qh6 18. fxg3 Qh2+ 19. Kf2 Ne5 20. cxd4 Ng4+
21. Kf3 Rh6 22. Nc3 O-O-O 23. Ne4 Rxd4 24. Rh1 Ne5+ 25. Kf2 Ng4+ 26. Qxg4+ Kc7
27. Rxh2 Rxh2 28. Qxg5 1-0

[Event "XXXV Olimpiadi femminile"]
[Site "Bled SLO"]
[Date "2002.11.07"]
[Round "12.1"]
[White "Costantini, Laura"]
[Black "Evans-Quek, Debbie"]
[Result "1-0"]
[WhiteElo "2052"]
[BlackElo "2047"]
[Annotator "ITA-WLS"]
[PlyCount "91"]
[EventDate "2002.10.26"]

1. e4 d6 2. d4 g6 3. Nc3 Nc6 4. Nf3 Bg7 5. Be3 Bg4 6. Be2 Nf6 7. O-O O-O 8. Qd2
Bxf3 9. Bxf3 e5 10. d5 Ne7 11. Rad1 Ne8 12. Be2 f5 13. f3 f4 14. Bf2 g5 15. Nb5
a6 16. Na3 Nf6 17. c4 b6 18. b4 c5 19. dxc6 Nxc6 20. Qxd6 Nd4 21. Rxd4 exd4 22.
Qxd4 Qe8 23. Qxb6 Qa4 24. Qa5 Qxa5 25. bxa5 Rfd8 26. c5 Rd2 27. Bc4+ Kf8 28. c6
Ke7 29. Bc5+ Kd8 30. Bb6+ Ke7 31. c7 Ne8 32. Rc1 Bb2 33. Rc2 Rxc2 34. Nxc2 Nxc7
35. Bxc7 Rc8 36. Nb4 Rxc7 37. Nd5+ Kd6 38. Nxc7 Kxc7 39. Bxa6 Bc3 40. Kf2 Bxa5
41. Ke2 Kb6 42. Bc4 Kc5 43. Kd3 Bb6 44. e5 Bc7 45. e6 Be5 46. e7 1-0

[Event "XXXV Olimpiadi femminile"]
[Site "Bled SLO"]
[Date "2002.11.07"]
[Round "12.2"]
[White "Powell, Annie"]
[Black "Arnetta, Maria Teresa"]
[Result "1-0"]
[WhiteElo "2018"]
[BlackElo "2050"]
[Annotator "ITA-WLS"]
[PlyCount "80"]
[EventDate "2002.10.26"]

1. e4 c5 2. Nf3 e6 3. d4 cxd4 4. Nxd4 a6 5. Bd3 Qc7 6. O-O Nc6 7. Nb3 Nf6 8. f4
d6 9. Be3 Be7 10. a4 b6 11. Nc3 Bb7 12. Qf3 Nd7 13. Qg3 Bf6 14. Rab1 Nc5 15.
Bxc5 bxc5 16. e5 dxe5 17. Ne4 exf4 18. Nxf6+ gxf6 19. Qxf4 Qxf4 20. Rxf4 Nb4
21. Nxc5 Nxd3 22. Nxd3 Rc8 23. c3 Rg8 24. g3 f5 25. Rd1 Ke7 26. Ne5 Rgd8 27.
Rfd4 Rd5 28. Rxd5 Bxd5 29. Rd4 f6 30. Nd3 a5 31. Rh4 Rh8 32. b4 Be4 33. Nc5
axb4 34. cxb4 Bd5 35. Rd4 Rb8 36. Kf2 Kd6 37. Na6 Rb6 38. b5 Ke5 39. Ke3 Bb7
40. Nc5 f4+ 1-0

[Event "XXXV Olimpiadi femminile"]
[Site "Bled SLO"]
[Date "2002.11.07"]
[Round "12.3"]
[White "Sirletti, Sonia"]
[Black "Griffiths, Katherine"]
[Result "0-1"]
[WhiteElo "1819"]
[BlackElo "2005"]
[Annotator "ITA-WLS"]
[PlyCount "80"]
[EventDate "2002.10.26"]

1. d4 Nf6 2. c4 g6 3. Nc3 Bg7 4. e4 d6 5. Nf3 O-O 6. Be2 e5 7. d5 a5 8. Bg5 Na6
9. Nd2 h6 10. Be3 Nh7 11. O-O f5 12. f3 f4 13. Bf2 h5 14. a3 Bd7 15. Rb1 Bh6
16. b4 axb4 17. axb4 Rf7 18. c5 Rg7 19. cxd6 cxd6 20. Nc4 Be8 21. Nb6 Rb8 22.
Qb3 g5 23. Bb5 g4 24. fxg4 hxg4 25. Nc4 g3 26. Bb6 Qh4 27. h3 Rg6 28. Bxe8 Rxe8
29. Nb5 Bf8 30. Nd2 Ng5 31. Nf3 Nxh3+ 32. gxh3 Qxh3 33. Rb2 Rh6 34. Nh2 gxh2+
35. Kf2 Qxb3 36. Rxb3 h1=Q 37. Rxh1 Rxh1 38. Nc7 Nxc7 39. Bxc7 Rc8 40. Rc3 Rh7
0-1

[Event "XXXV Olimpiadi femminile"]
[Site "Bled SLO"]
[Date "2002.11.08"]
[Round "13.1"]
[White "Costantini, Laura"]
[Black "Siti, Zulaikha"]
[Result "1/2-1/2"]
[WhiteElo "2052"]
[BlackElo "2019"]
[Annotator "ITA-MAS"]
[PlyCount "129"]
[EventDate "2002.10.26"]

1. e4 d6 2. d4 Nf6 3. Nc3 g6 4. Be3 Bg7 5. Qd2 c6 6. Nf3 b5 7. Bd3 O-O 8. a4 b4
9. Ne2 a5 10. Bh6 Nbd7 11. Ng3 Nb6 12. h4 Bxh6 13. Qxh6 Ng4 14. Qd2 e5 15. dxe5
dxe5 16. h5 c5 17. hxg6 fxg6 18. O-O-O Qe7 19. Bb5 Rb8 20. Ng5 h6 21. Nf3 Be6
22. Rxh6 Nxh6 23. Qxh6 Qg7 24. Qg5 Qf6 25. Qxf6 Rxf6 26. Rd6 Nc8 27. Rxe6 Rxe6
28. Bc4 Kf7 29. Ng5+ Kf6 30. Nxe6 Nb6 31. Bd5 Nxa4 32. b3 Nc3 33. Nxc5 Rd8 34.
Nb7 Rd7 35. Nxa5 Nxd5 36. exd5 Rxd5 37. Nc6 Rb5 38. Kd2 Ke6 39. f3 Kd7 40. Nxb4
Rxb4 41. Ne4 Kc6 42. Kc3 Rd4 43. Nd2 Rh4 44. Nc4 Kd5 45. Ne3+ Kc5 46. Ng4 e4
47. b4+ Kb6 48. Kd4 exf3 49. gxf3 Rh3 50. Ne5 Rh4+ 51. Ng4 Rh3 52. Ke3 Kb5 53.
c3 Kc4 54. Nf2 Rg3 55. Ne4 Rg2 56. Kf4 Rg1 57. Ke5 Rh1 58. Nd6+ Kxc3 59. b5 Kd3
60. b6 Ke3 61. b7 Rb1 62. f4 Kf3 63. f5 gxf5 64. Kxf5 Rxb7 65. Nxb7 1/2-1/2

[Event "XXXV Olimpiadi femminile"]
[Site "Bled SLO"]
[Date "2002.11.08"]
[Round "13.2"]
[White "Lim, Jean Nie"]
[Black "Ambrosi, Eleonora"]
[Result "1-0"]
[WhiteElo "2165"]
[BlackElo "2059"]
[Annotator "ITA-MAS"]
[PlyCount "128"]
[EventDate "2002.10.26"]

1. e4 e6 2. d4 d5 3. exd5 exd5 4. Bd3 Bd6 5. Nf3 Ne7 6. O-O Bg4 7. h3 Bh5 8. c3
c6 9. Re1 Qc7 10. Nbd2 Nd7 11. Qc2 O-O-O 12. b4 Bg6 13. a4 Bxd3 14. Qxd3 Ng6
15. Nb3 Nb6 16. Na5 Rhe8 17. Be3 Kb8 18. b5 c5 19. dxc5 Bxc5 20. Nb3 Bxe3 21.
Rxe3 Nf4 22. Qd1 Nc4 23. Rxe8 Rxe8 24. Nbd4 Ne5 25. Nxe5 Qxe5 26. Qf3 Qe4 27.
Qg3 Qe5 28. a5 Ka8 29. a6 Qxd4 30. cxd4 Ne2+ 31. Kh2 Nxg3 32. Kxg3 Re4 33. Rd1
Kb8 34. Rd2 Re6 35. Rb2 Rb6 36. axb7 Kxb7 37. Kf4 Re6 38. f3 Kb6 39. Rb3 Re2
40. g4 Rh2 41. Kg3 Rd2 42. Kf4 Rxd4+ 43. Ke5 Rd1 44. Ra3 d4 45. Ke4 d3 46. Ke3
d2 47. Ke2 Rb1 48. Kxd2 Rxb5 49. Kc3 a5 50. Ra4 Rc5+ 51. Kb3 Re5 52. Rf4 f6 53.
Ka4 Re1 54. h4 Ra1+ 55. Kb3 Rc1 56. h5 Rh1 57. Ka4 Ra1+ 58. Kb3 Rh1 59. Ka4
Ra1+ 60. Kb3 Rh1 61. Ka4 Rh3 62. Rf5 Rh1 63. Rf4 Kc5 64. Rf5+ Kd4 1-0

[Event "XXXV Olimpiadi femminile"]
[Site "Bled SLO"]
[Date "2002.11.08"]
[Round "13.3"]
[White "Sirletti, Sonia"]
[Black "Ibrahim, Eliza Hanum"]
[Result "0-1"]
[WhiteElo "1819"]
[BlackElo "2015"]
[Annotator "ITA-MAS"]
[PlyCount "108"]
[EventDate "2002.10.26"]

1. d4 Nf6 2. c4 g6 3. Nc3 Bg7 4. e4 d6 5. Nf3 O-O 6. Be2 e5 7. d5 a5 8. Bg5 h6
9. Bh4 Na6 10. Nd2 Bd7 11. a3 Qc8 12. Rb1 Nh7 13. f3 b6 14. b4 axb4 15. axb4
Kh8 16. O-O f5 17. Bf2 f4 18. c5 bxc5 19. bxc5 Nxc5 20. Bxc5 dxc5 21. Nc4 Rb8
22. Qc2 Qe8 23. Rxb8 Qxb8 24. Rb1 Qa8 25. Qb3 Ng5 26. Qb7 Qd8 27. Qa7 Bc8 28.
Qxc5 Re8 29. Rb8 Bf8 30. Qc6 Bd7 31. Rxd8 Bxc6 32. Rxe8 Bxe8 33. Nb2 Bc5+ 34.
Kf1 Nf7 35. Bb5 Bxb5+ 36. Nxb5 Bb6 37. Nc4 Kg8 38. Ke2 Kf8 39. Kd3 Ke8 40. h3
h5 41. Nxb6 cxb6 42. Kc4 Kd7 43. Kb4 g5 44. Na7 g4 45. hxg4 hxg4 46. Nc6 gxf3
47. gxf3 Kd6 48. Kb5 Ng5 49. Nd8 Nxf3 50. Nf7+ Ke7 51. Kxb6 Kxf7 52. Kc7 Nd4
53. d6 Ne6+ 54. Kc8 f3 0-1

[Event "XXXV Olimpiadi femminile"]
[Site "Bled SLO"]
[Date "2002.11.10"]
[Round "14.1"]
[White "Connolly, Suzanne"]
[Black "Costantini, Laura"]
[Result "1/2-1/2"]
[WhiteElo "2079"]
[BlackElo "2052"]
[Annotator "ITA-IRL"]
[PlyCount "47"]
[EventDate "2002.10.26"]

1. e4 e5 2. Nf3 d6 3. d4 exd4 4. Nxd4 Nf6 5. Nc3 g6 6. Bb5+ Bd7 7. Qe2 Bg7 8.
e5 dxe5 9. Qxe5+ Qe7 10. Qxe7+ Kxe7 11. Bg5 c6 12. Bc4 Re8 13. O-O-O Kf8 14. a4
Ne4 15. Be3 Nxc3 16. bxc3 a5 17. Kb2 Na6 18. Nb3 Bg4 19. Rde1 Rec8 20. Bd4 Bxd4
21. cxd4 Nc7 22. Re5 b6 23. Rhe1 Re8 24. Rxe8+ 1/2-1/2

[Event "XXXV Olimpiadi"]
[Site "Bled SLO"]
[Date "2002.10.27"]
[Round "2.3"]
[White "Belotti, Bruno"]
[Black "Markowski, Tomasz"]
[Result "0-1"]
[WhiteElo "2419"]
[BlackElo "2549"]
[Annotator "ITA-POL"]
[PlyCount "140"]
[EventDate "2002.10.26"]

1. e4 c5 2. Nf3 e6 3. d3 Nc6 4. g3 g6 5. Bg2 Bg7 6. O-O Nge7 7. c3 O-O 8. Re1
e5 9. a3 d6 10. b4 h6 11. Nbd2 Be6 12. b5 Na5 13. c4 Qd7 14. Bb2 b6 15. a4 Nb7
16. Nb1 f5 17. exf5 Bxf5 18. Qc2 Rf7 19. Nc3 Raf8 20. Nd2 Bh3 21. Nde4 Bxg2 22.
Kxg2 d5 23. Nxd5 Nxd5 24. cxd5 Qxd5 25. Re2 Rd8 26. Ra3 Nd6 27. Kg1 Nxe4 28.
dxe4 Qd1+ 29. Kg2 Rfd7 30. Bc3 c4 31. a5 Qd6 32. Ra4 Qc5 33. axb6 axb6 34. Qa2
Rc8 35. Rb2 Rd3 36. Rc2 Qxb5 37. Ba1 Rb3 38. Ra8 Rxa8 39. Qxa8+ Kh7 40. Qc8 Ra3
41. Rc1 Qa6 42. Qxa6 Rxa6 43. Bc3 b5 44. Rd1 Ra7 45. Rd5 Rb7 46. Bb4 Kg8 47.
Kf1 Kf7 48. Ke2 g5 49. f3 Rb6 50. Kd2 h5 51. Ba5 Rb7 52. Bb4 Bf6 53. Kc2 h4 54.
gxh4 gxh4 55. h3 Rb6 56. Kd1 Rb8 57. Ke2 Ra8 58. Rxb5 Ra2+ 59. Kd1 Rb2 60. Rb7+
Kg6 61. Rb6 Rf2 62. Rc6 Rxf3 63. Rxc4 Rxh3 64. Ke2 Bg5 65. Rc3 Rh2+ 66. Kf1 Bf4
67. Bd6 Rd2 68. Bc7 Kg5 69. Ba5 Ra2 70. Bb6 Kg4 0-1

[Event "XXXV Olimpiadi"]
[Site "Bled SLO"]
[Date "2002.10.27"]
[Round "2.4"]
[White "Kempinski, Robert"]
[Black "D'Amore, Carlo"]
[Result "1-0"]
[WhiteElo "2532"]
[BlackElo "2440"]
[Annotator "ITA-POL"]
[PlyCount "95"]
[EventDate "2002.10.26"]

1. Nf3 Nf6 2. c4 c6 3. Nc3 d5 4. e3 a6 5. Be2 b5 6. b3 Bg4 7. a4 b4 8. Na2 e6
9. Bb2 Nbd7 10. Rc1 Bd6 11. Bxf6 Qxf6 12. cxd5 cxd5 13. Bxa6 Rxa6 14. Rc8+ Ke7
15. Rxh8 Ne5 16. d4 Nxf3+ 17. gxf3 g6 18. Rg8 Qxf3 19. Qxf3 Bxf3 20. O-O e5 21.
dxe5 Bxe5 22. Rc1 Bd6 23. h3 Ra5 24. h4 d4 25. exd4 Rh5 26. Re1+ Kd7 27. Re3
Bd5 28. f3 Rxh4 29. Rd3 Rf4 30. a5 Bxf3 31. a6 Rg4+ 32. Kf1 Bg2+ 33. Kf2 Be4
34. Rd2 Rg5 35. Ke3 Bh1 36. Rd1 Rg3+ 37. Kd2 Bc6 38. Kc2 Be4+ 39. Kb2 Rg2+ 40.
Ka1 Rg5 41. Re1 Bc6 42. Rg7 Rf5 43. a7 Bf4 44. Nxb4 Ba8 45. Re2 Bd6 46. Nd3
Ra5+ 47. Ra2 Rf5 48. Rg8 1-0

[Event "XXXV Olimpiadi"]
[Site "Bled SLO"]
[Date "2002.10.28"]
[Round "3.1"]
[White "Abdelnabbi, Imed"]
[Black "Godena, Michele"]
[Result "1/2-1/2"]
[WhiteElo "2412"]
[BlackElo "2506"]
[Annotator "ITA-EGY"]
[PlyCount "31"]
[EventDate "2002.10.26"]

1. e4 e5 2. Nf3 Nc6 3. Bb5 a6 4. Ba4 Nf6 5. O-O b5 6. Bb3 Bc5 7. c3 d6 8. d3
Bb7 9. Re1 Nxe4 10. dxe4 Ne7 11. Nbd2 Ng6 12. Nf1 O-O 13. Ng3 c6 14. Bc2 Bb6
15. Nd4 Re8 16. Ndf5 1/2-1/2

[Event "XXXV Olimpiadi"]
[Site "Bled SLO"]
[Date "2002.10.28"]
[Round "3.2"]
[White "Bellini, Fabio"]
[Black "Ahmed, Esam Aly"]
[Result "1/2-1/2"]
[WhiteElo "2486"]
[BlackElo "2394"]
[Annotator "ITA-EGY"]
[PlyCount "97"]
[EventDate "2002.10.26"]

1. e4 c5 2. Nf3 e6 3. g3 d5 4. exd5 exd5 5. Bg2 Nc6 6. O-O Nf6 7. d4 Be7 8. Nc3
O-O 9. Be3 cxd4 10. Nxd4 Bg4 11. Nf3 Bc8 12. Nd4 Bg4 13. f3 Bd7 14. Bf2 Rc8 15.
Nde2 Na5 16. Nf4 Bf5 17. Ncxd5 Nxd5 18. Nxd5 Bxc2 19. Qd2 Rc6 20. Bc5 Rxc5 21.
f4 Bf5 22. Rad1 Nc6 23. b4 Rc2 24. Qe3 Be6 25. Bf3 Bxd5 26. Bxd5 Rc3 27. Bb3
Nxb4 28. Rd7 Rc6 29. Rxb7 Qd1 30. Rxd1 Rf6 31. Rdd7 Na6 32. Rd4 Nc5 33. Rxa7 h6
34. Bc4 Re8 35. Kf2 g5 36. Kf3 Kg7 37. Ra3 h5 38. Ra8 Rxa8 39. Bd5 Rd8 40. Rc4
gxf4 41. gxf4 Kh6 42. Bb7 Ne4 43. Kxe4 Rc6 44. Bxc6 Rd2 45. Kf3 h4 46. Be8 Re2
47. Bxf7 Rxa2 48. Bg6 Kxg6 49. Ke4 1/2-1/2

[Event "XXXV Olimpiadi"]
[Site "Bled SLO"]
[Date "2002.10.28"]
[Round "3.3"]
[White "Ezat, Mohamed"]
[Black "Belotti, Bruno"]
[Result "0-1"]
[WhiteElo "2375"]
[BlackElo "2419"]
[Annotator "ITA-EGY"]
[PlyCount "73"]
[EventDate "2002.10.26"]

1. d4 d5 2. c4 c6 3. Nc3 Nf6 4. cxd5 cxd5 5. Bf4 Nc6 6. e3 a6 7. Rc1 Ne4 8.
Nxe4 dxe4 9. Ne2 e5 10. dxe5 Bb4+ 11. Nc3 Qa5 12. Qd4 O-O 13. Qxe4 Be6 14. a3
Bxc3+ 15. Rxc3 Rfc8 16. Qc2 Qxe5 17. Bd3 Qg5 18. O-O Rd8 19. Qd2 Rac8 20. Qc2
g6 21. Qa4 Qe7 22. Be4 Na5 23. Qxa5 Rc4 24. Bf3 Rc5 25. Qb4 b5 26. Rd1 Qd7 27.
Bc7 Qxc7 28. h3 Rc4 29. Qxc4 Rd4 30. Qxd4 h5 31. h4 Qd8 32. Rd2 b4 33. Qg7+
Kxg7 34. Bd1 b3 35. Rd6 Bf5 36. Kf1 Bc2 37. a4 0-1

[Event "XXXV Olimpiadi"]
[Site "Bled SLO"]
[Date "2002.10.29"]
[Round "4.1"]
[White "Kozul, Zdenko"]
[Black "Godena, Michele"]
[Result "1-0"]
[WhiteElo "2565"]
[BlackElo "2506"]
[Annotator "ITA-CRO"]
[PlyCount "87"]
[EventDate "2002.10.26"]

1. d4 d5 2. c4 c6 3. e3 Bf5 4. Nc3 e6 5. g4 Bg6 6. h4 h5 7. g5 Nd7 8. Nge2 Bd6
9. Qb3 Ne7 10. Bg2 b5 11. c5 Bc7 12. a4 a6 13. e4 b4 14. Qxb4 Bxe4 15. Bxe4
dxe4 16. Qc4 O-O 17. Nxe4 e5 18. f4 exf4 19. O-O Nd5 20. Nxf4 Bxf4 21. Bxf4 Re8
22. Nd6 Re7 23. Nf5 Re4 24. Nd6 Re7 25. Qd3 Nf8 26. Be5 Ne6 27. Rf5 Qd7 28.
Raf1 Rf8 29. Bf6 Nef4 30. R5xf4 Re3 31. Qf5 Qe6 32. Bxg7 Rg3+ 33. Kh2 Rg2+ 34.
Kh1 Qe2 35. R4f2 Rxf2 36. Qxf2 Qxf2 37. Rxf2 Kxg7 38. Kg2 Kg6 39. Nc4 Ne7 40.
Ne5+ Kg7 41. Rf6 Nd5 42. Rxc6 Rb8 43. Kf3 Rxb2 44. Rxa6 1-0

[Event "XXXV Olimpiadi"]
[Site "Bled SLO"]
[Date "2002.10.29"]
[Round "4.2"]
[White "Braga, Fernando Alberto"]
[Black "Cvitan, Ognjen"]
[Result "1/2-1/2"]
[WhiteElo "2434"]
[BlackElo "2562"]
[Annotator "ITA-CRO"]
[PlyCount "30"]
[EventDate "2002.10.26"]

1. Nf3 Nf6 2. c4 g6 3. g3 Bg7 4. Bg2 d5 5. cxd5 Nxd5 6. d4 Nb6 7. Nc3 Nc6 8. e3
O-O 9. O-O Re8 10. d5 Na5 11. Nd4 Bd7 12. b3 c6 13. dxc6 Nxc6 14. Nxc6 Bxc6 15.
Bxc6 Qxd1 1/2-1/2

[Event "XXXV Olimpiadi"]
[Site "Bled SLO"]
[Date "2002.10.29"]
[Round "4.3"]
[White "Zelcic, Robert"]
[Black "Bellini, Fabio"]
[Result "1-0"]
[WhiteElo "2554"]
[BlackElo "2486"]
[Annotator "ITA-CRO"]
[PlyCount "135"]
[EventDate "2002.10.26"]

1. e4 e6 2. d4 d5 3. Nc3 dxe4 4. Nxe4 Nd7 5. Nf3 Ngf6 6. Nxf6+ Nxf6 7. Bd3 c5
8. dxc5 Bxc5 9. O-O O-O 10. Qe2 b6 11. Bg5 Bb7 12. Rad1 Qc7 13. Bxf6 gxf6 14.
Be4 Rad8 15. Bxb7 Qxb7 16. c3 b5 17. b4 Bb6 18. Nd4 Bxd4 19. Qg4+ Kh8 20. Rxd4
Rg8 21. Rxd8 Rxd8 22. Qf4 Kg7 23. c4 bxc4 24. Qxc4 Qb6 25. Qg4+ Kf8 26. Qh4 Kg7
27. h3 Qd4 28. Qg3+ Kf8 29. a3 Rc8 30. Re1 h5 31. Qf3 Rc2 32. Rd1 Qe5 33. Qa8+
Kg7 34. Qxa7 Ra2 35. a4 Qf4 36. Qe3 Qxe3 37. fxe3 Rxa4 38. Rb1 Ra6 39. Kf2 f5
40. b5 Rb6 41. Ke2 Kf6 42. Kd3 Ke5 43. Kc4 Kd6 44. Ra1 Rb8 45. Ra6+ Ke5 46. Kc5
f4 47. exf4+ Kxf4 48. Ra3 e5 49. Rf3+ Kg5 50. Rxf7 e4 51. b6 Re8 52. b7 e3 53.
Re7 Rxe7 54. b8=Q e2 55. Qg3+ Kf5 56. Qe1 Kg6 57. Kd4 h4 58. Kd3 Kf5 59. Kd2
Kg5 60. g4 Rd7+ 61. Kxe2 Re7+ 62. Kf2 Rxe1 63. Kxe1 Kf4 64. Kd2 Ke4 65. Ke2 Kf4
66. Kd3 Kg3 67. g5 Kxh3 68. g6 1-0

[Event "XXXV Olimpiadi"]
[Site "Bled SLO"]
[Date "2002.10.29"]
[Round "4.4"]
[White "D'Amore, Carlo"]
[Black "Stevic, Hrvoje"]
[Result "1/2-1/2"]
[WhiteElo "2440"]
[BlackElo "2512"]
[Annotator "ITA-CRO"]
[PlyCount "36"]
[EventDate "2002.10.26"]

1. Nf3 c5 2. g3 Nc6 3. Bg2 g6 4. c3 Bg7 5. d4 cxd4 6. cxd4 d5 7. O-O e6 8. e3
Nge7 9. Nc3 O-O 10. Ne2 b6 11. b3 a5 12. a4 Ba6 13. Ba3 Qd7 14. Re1 Rfc8 15.
Nf4 Nf5 16. Bf1 Bxf1 17. Rxf1 Nd6 18. Nd3 Ne5 1/2-1/2

[Event "XXXV Olimpiadi"]
[Site "Bled SLO"]
[Date "2002.10.30"]
[Round "5.2"]
[White "Mallahi, Amir"]
[Black "Bellini, Fabio"]
[Result "1/2-1/2"]
[WhiteElo "2406"]
[BlackElo "2486"]
[Annotator "ITA-IRI"]
[PlyCount "118"]
[EventDate "2002.10.26"]

1. e4 e6 2. d4 d5 3. Nc3 Bb4 4. Bd3 dxe4 5. Bxe4 Nf6 6. Bd3 c5 7. dxc5 Nbd7 8.
Bd2 Nxc5 9. Bc4 O-O 10. a3 Bxc3 11. Bxc3 Na4 12. Qxd8 Rxd8 13. Bxf6 gxf6 14. b3
Nc5 15. Ne2 Bd7 16. b4 Na4 17. O-O-O Nb6 18. Bb3 Kf8 19. Nf4 a5 20. Rd6 Nc8 21.
Rd3 axb4 22. Rhd1 Ke7 23. axb4 b5 24. Kb2 Nb6 25. Ra1 Rxa1 26. Kxa1 Bc6 27.
Rxd8 Kxd8 28. g3 Ke7 29. Kb2 f5 30. Kc3 e5 31. Nd3 f6 32. Bg8 h6 33. Nc5 Nc8
34. f4 Nd6 35. Nd3 Ne4+ 36. Kb2 Kd6 37. Bh7 Bd7 38. c3 Nd2 39. Kc2 Nf1 40. Nc5
Bc8 41. Kd3 Nxh2 42. Ke2 exf4 43. gxf4 h5 44. Bg6 h4 45. Be8 Ng4 46. Bxb5 h3
47. Kf3 Ne3 48. Kg3 Nd5 49. Kxh3 Nxf4+ 50. Kg3 Nd5 51. Na4 f4+ 52. Kf2 Bf5 53.
Bc4 Ne3 54. Be2 Bc2 55. Nb6 Kc7 56. Na8+ Kb8 57. Nb6 Kc7 58. Na8+ Kb8 59. Nb6
Kc7 1/2-1/2

[Event "XXXV Olimpiadi"]
[Site "Bled SLO"]
[Date "2002.10.30"]
[Round "5.4"]
[White "Ghane, Gardeh Shojaat"]
[Black "Arlandi, Ennio"]
[Result "1-0"]
[WhiteElo "2406"]
[BlackElo "2448"]
[Annotator "ITA-IRI"]
[PlyCount "151"]
[EventDate "2002.10.26"]

1. d4 d5 2. Nf3 Nf6 3. Bf4 c5 4. e3 Nc6 5. c3 Qb6 6. Qc1 Bf5 7. Nbd2 Rc8 8.
dxc5 Qxc5 9. Nb3 Qb6 10. Nbd4 Be4 11. Be2 e6 12. O-O Be7 13. Ne5 Nxe5 14. Bxe5
O-O 15. a4 Nd7 16. a5 Qd8 17. Bg3 a6 18. Qd1 Nc5 19. Nb3 Bd6 20. Nxc5 Rxc5 21.
Bxd6 Qxd6 22. Ra4 Qc7 23. Qb3 Rb8 24. Rfa1 h6 25. Qa3 Bc2 26. Rb4 Rc6 27. Rc1
Bg6 28. Ra1 Bc2 29. Rc1 Bg6 30. Ra1 Rd8 31. Qb3 Rd7 32. h4 Be4 33. Qd1 Qd8 34.
Qd4 Qe7 35. Qa7 Kh7 36. Qd4 e5 37. Qd2 Rg6 38. f3 Bf5 39. Qe1 h5 40. Bf1 Qd8
41. Qf2 Kg8 42. Ra3 Rgd6 43. Rab3 Qe7 44. Qg3 Bc2 45. Ra3 d4 46. exd4 exd4 47.
cxd4 Rxd4 48. Rxd4 Rxd4 49. Qf2 Rxh4 50. Qxc2 Qe1 51. Qe2 Qb1 52. Rd3 g6 53.
Rd8+ Kh7 54. Rd7 Qf5 55. Qe7 Rf4 56. Rxb7 Qxa5 57. b4 Qa1 58. Qe3 Rf5 59. Rd7
a5 60. b5 a4 61. Qd4 Qe1 62. Rd8 Re5 63. f4 Re8 64. Rxe8 Qxe8 65. Qxa4 Qe3+ 66.
Kh1 h4 67. Qc4 Kg7 68. Qd3 Qxf4 69. b6 g5 70. Qf3 Qb4 71. b7 g4 72. Qd5 Qf4 73.
Qb5 Qb8 74. Qg5+ Kf8 75. Qc5+ Kg7 76. Qd4+ 1-0

[Event "XXXV Olimpiadi"]
[Site "Bled SLO"]
[Date "2002.10.31"]
[Round "6.2"]
[White "Bellini, Fabio"]
[Black "Gashimov, Vugar"]
[Result "1/2-1/2"]
[WhiteElo "2486"]
[BlackElo "2580"]
[Annotator "ITA-AZE"]
[PlyCount "149"]
[EventDate "2002.10.26"]

1. e4 c5 2. Nf3 Nc6 3. Bb5 d6 4. c3 Nf6 5. Qe2 a6 6. Bxc6+ bxc6 7. O-O d5 8. e5
Ng8 9. d3 e6 10. c4 Ne7 11. Nc3 Ng6 12. b3 Be7 13. Na4 O-O 14. Ba3 f6 15. Bxc5
Nf4 16. Qe3 fxe5 17. Bxe7 Qxe7 18. Nb6 Rb8 19. c5 Bb7 20. Qxe5 Nxd3 21. Qe3
Nxc5 22. Rac1 Ne4 23. Ne5 c5 24. f3 d4 25. Qe1 Nf6 26. Qa5 Rfd8 27. Nd3 Nd5 28.
Nxd5 Rxd5 29. Rxc5 Qg5 30. Re1 Rf8 31. Qb6 Rxc5 32. Qxc5 Rf5 33. Re5 h6 34.
Rxf5 exf5 35. Qxd4 Bxf3 36. Nf4 Be4 37. Qf2 Qf6 38. h4 Kh7 39. h5 Bc6 40. Qb6
a5 41. Ng6 Qd6 42. Qe3 Qd1+ 43. Kf2 Qxh5 44. Nf8+ Kh8 45. Qe6 Be8 46. a3 f4 47.
b4 axb4 48. axb4 Qh4+ 49. Kg1 Qh5 50. Qe4 Qf7 51. Ne6 Qe7 52. Qe5 Kg8 53. Qd5
Kh7 54. b5 Bf7 55. Qe4+ g6 56. b6 Bxe6 57. b7 Qc5+ 58. Kh2 Qb6 59. Qxe6 Qxe6
60. b8=Q Qf7 61. Qe5 h5 62. Qd4 h4 63. Qd8 Qg7 64. Qxh4+ Qh6 65. Kh3 Qh5 66.
Qxh5+ gxh5 67. g4 Kg6 68. gxh5+ Kxh5 69. Kg2 Kg4 70. Kf2 f3 71. Kf1 Kf4 72. Kf2
Ke4 73. Kf1 Ke3 74. Ke1 f2+ 75. Kf1 1/2-1/2

[Event "XXXV Olimpiadi"]
[Site "Bled SLO"]
[Date "2002.10.31"]
[Round "6.3"]
[White "Guseinov, Gadir"]
[Black "Belotti, Bruno"]
[Result "1/2-1/2"]
[WhiteElo "2513"]
[BlackElo "2419"]
[Annotator "ITA-AZE"]
[PlyCount "39"]
[EventDate "2002.10.26"]

1. e4 e6 2. Nf3 d5 3. Nc3 dxe4 4. Nxe4 Nd7 5. g3 Be7 6. Bg2 Ngf6 7. Nxf6+ Bxf6
8. d4 O-O 9. O-O e5 10. c3 exd4 11. Nxd4 Ne5 12. Bf4 Bg4 13. Qc2 Qc8 14. Rfe1
Ng6 15. Be3 c6 16. a4 Ne5 17. Bf4 Ng6 18. Be3 Ne5 19. Bf4 Ng6 20. Be3 1/2-1/2